000 00304nam a22001337a 4500
008 181030b xxu||||| |||| 00| 0 eng d
020 _a0631151958
041 _aeng
080 _a101
100 _a24
101 _aFIL
245 _aDavid Hume. Philosopher of Moral Science
_cFlew, A
942 _2udc
_cBK
999 _c51135
_d51135